00776nam a2200217 a 450000100100000000500170001000800410002702000150006804000250008308200190010810000390012724500500016626000480021630000200026449000270028465000420031165000380035391000300039195201220042199900150054300000376120200929150547.0910918s1986 sp 000 1 cat d a8474102855 aDO-SdBNPbspacBNPHU a849.954bM966d1 aMunné-Jordà, A.,d1948-91145010aDemà serà un altre dia /cA. Munne-Jorda. aBarcelona :bEdicions de la Magrana,c1986. a62 p. ;c20 cm.0 aLes Ales esteses ;v36 4aLiteratura catalanaySIGLO XX.911451 4aNovela catalanaySIGLO XX.911452 aJornada de catalogación 001052708MOaGRbGRcCTd2009-07-13iLF1l0o849.954 M966dp3761-10r2020-06-25w2020-06-25y2ZPréstamo interno c3583d3583